000 00848nam a2200325Ia 4500
005 20250425162719.0
008 250425s9999 xx 000 0 und d
020 _a0132368684
041 _aeng
082 _a624.151
100 _aCODUTO, DONALD P.
245 0 _aGEOTECHNICAL ENGINEERING: PRINCIPLES AND PRACTICES
250 _aSECOND EDITION
260 _aEstados Unidos
_bPEARSON
_c2011
260 _aNEW YORK
300 _a794
650 _aGEOLOGIA Y SUELOS
650 _aGEOLOGIA Y SUELOS
650 _aINGENIERIA GEOLOGICA
650 _aINGENIERIA GEOLOGICA
650 _aINGENIERIA GEOTECNICA
650 _aINGENIERIA GEOTECNICA
650 _aSUELOS Y ROCAS
650 _aSUELOS Y ROCAS
700 _aKITCH, WILLIAM A.
700 _aYEUNG, MAN-CHU RONALD
710 _aS.A.
942 _c01
010 _a101674
999 _c234932
_d234932